000 00459nam a2200169Ia 4500
003 OSt
005 20260318112425.0
008 211028s2018 xx 000 0 und d
040 _cAIMIT LIBRARY
041 _aeng
100 _aAshif DH, Abdul; Manimozhi, R.
_g151701
_94888
110 _aSuman Antony Lasrado
_94889
245 _aAIMIT IT portal /
260 _aMangalore
_c2018
710 _aVeriton Software Solutions Pvt. Ltd.
_94890
942 _2ddc
_cPRO
999 _c217722
_d217722